| 000 | 00556nam a2200157 4500 | ||
|---|---|---|---|
| 001 | 122503 | ||
| 003 | ES-MaACL | ||
| 005 | 20230906192005.0 | ||
| 007 | t| | ||
| 008 | 070214q1922 sp r ||||1| spa d | ||
| 100 | 1 |
_aPuente Sánchez, Carlos. _994163 |
|
| 245 | 1 | 0 |
_aDiscurso leído en la solemne inauguración del curso académico de 1922 a 1923 en la Universidad Literaria de Santiago de Compostela / _cCarlos Puente Sánchez. |
| 260 |
_a[Santiago de Compostela? : _bUniversidad?, _c1922?] |
||
| 300 |
_a43 p. ; _c30 cm. |
||
| 852 |
_aES-MaACL _j1639-F-6 |
||
| 999 |
_c122503 _d122503 |
||